Pedichupoya manushyan | പേടിച്ചുപോയ മനുഷ്യൻ (Record no. 17625)
[ view plain ]
| 000 -LEADER | |
|---|---|
| fixed length control field | 00437nam a22001457a 4500 |
| 003 - CONTROL NUMBER IDENTIFIER | |
| control field | OSt |
| 008 - FIXED-LENGTH DATA ELEMENTS--GENERAL INFORMATION | |
| fixed length control field | 230221b |||||||| |||| 00| 0 eng d |
| 041 ## - LANGUAGE CODE | |
| Language code of text/sound track or separate title | eng |
| 082 ## - DEWEY DECIMAL CLASSIFICATION NUMBER | |
| Classification number | 894.812 3 |
| Item number | GOR/PE |
| 100 ## - MAIN ENTRY--AUTHOR NAME | |
| Personal name | Gorky, Maxim |
| -- | ഗോർക്കി , മാക്സിം |
| 245 ## - TITLE STATEMENT | |
| Title | Pedichupoya manushyan |
| Remainder of title | പേടിച്ചുപോയ മനുഷ്യൻ |
| 260 ## - PUBLICATION, DISTRIBUTION, ETC. (IMPRINT) | |
| Place of publication | Thiruvananthapuram |
| Year of publication | 2023 |
| 300 ## - PHYSICAL DESCRIPTION | |
| Number of Pages | 392 |
| 942 ## - ADDED ENTRY ELEMENTS (KOHA) | |
| Koha item type | Books |
| Withdrawn status | Lost status | Damaged status | Home library | Current library | Date acquired | Full call number | Accession Number | Koha item type |
|---|---|---|---|---|---|---|---|---|
| KAUAET | KAUAET | 21/02/2023 | 894.812 3 GOR/PE | 26086 | Books |
